Short Version of Names - Statistics

General Stats
  • This quiz has been taken 91,491 times
    32,237 since last reset
  • The average score is 16 of 24
Answer Stats
Short Name Full Version % Correct
Bob Robert
86%
Joe Joseph
85%
Vicky Victoria
84%
Tony Anthony
83%
Bill William
83%
Kate Catherine
81%
Dick Richard
80%
Jim James
79%
Drew Andrew
77%
Becky Rebecca
75%
Bella Isabella
72%
Patty Patricia
72%
Chuck Charles
69%
Jake Jacob
69%
Babs Barbara
65%
Betsy Elizabeth
61%
Jack John
61%
Tina Christina
54%
Gene Eugene
54%
Hank Henry
46%
Larry Laurence
46%
Peggy Margaret
34%
Nora Eleanor
30%
Sasha Alexander
27%
No matching quizzes found
Score Distribution
Percent of People with Each Score
Percentile by Number Answered
Your Score History
You have not taken this quiz since the last reset